| 000 | 00462nam a22001697a 4500 | ||
|---|---|---|---|
| 003 | SGT | ||
| 020 | _a9781597564793 | ||
| 082 |
_a616.85506 _bT14H |
||
| 100 | _aHOUSTON, K. TODD | ||
| 245 | _aTELEPRACTICE IN SPEECH-LANGUAGE PATHOLOGY | ||
| 250 | _a1ST | ||
| 260 |
_aSAN DIEGO _bPLURAL PUB. _c2014 |
||
| 300 | _a370 | ||
| 650 | _aAUDIOLOGY | ||
| 653 |
_aTELEPRACTICE IN SPEECH-LANGUAGE PATHOLOGY _aTELETHERAPY _aESUPERVISION AND EMENTORING |
||
| 942 |
_2ddc _cBK |
||
| 999 |
_c23660 _d23660 |
||